Informe sobre el estudio minero i agrícola de la rejion comprendida entre el paralelo 23 i la Laguna de Ascotan

Guardat en:
Dades bibliogràfiques
Autor principal: Valdés, Samuel (Autor)
Format: Llibre
Idioma:espanyol
Publicat: Santiago Imprenta Nacional 1886
Matèries:
Etiquetes: Afegir etiqueta
Sense etiquetes, Sigues el primer a etiquetar aquest registre!

MARC

LEADER 00000cam a2200000 a 4500
001 UCF3994
003 CL-VaPUC
008 121115e18860000CL |||||||||||||||||spa|d
082 0 4 |a 918.3  |b VAL  |2 21 
100 0 |a Valdés, Samuel  |e author  |9 565628 
245 1 0 |a Informe sobre el estudio minero i agrícola de la rejion comprendida entre el paralelo 23 i la Laguna de Ascotan 
300 |a 153 p 
942 |c BK 
945 |d 20121115 00:00:00  |a dcastane 
260 |a Santiago  |b Imprenta Nacional  |c 1886 
650 0 |a Geografía  |9 259346 
650 0 |a Industria minera  |9 260256 
583 |a last modification  |c 20121115 10:00:00  |k Rodrigo Vera 
999 |c 350000  |d 349998 
952 |0 0  |1 0  |4 0  |6 918_300000000000000_VAL_1886  |7 0  |8 X  |9 452931  |a FDOBUD  |b FDOBUD  |d 2019-11-22  |i 1076302  |o 918.3 VAL 1886  |p 1076302  |r 2019-11-22  |w 2019-11-22  |y BK_X  |k BUD